La reforma del sector público agrícola y la descentralización (1989-1996) /

Sábháilte in:
Sonraí bibleagrafaíochta
Príomhchruthaitheoir: Llambí, Luis
Formáid: Téacs
Clibeanna: Cuir clib leis
Níl clibeanna ann, Bí ar an gcéad duine le clib a chur leis an taifead seo!

MARC

LEADER 00000 a a2200000 04500
001 47050
003
040
100 |a Llambí, Luis  
245 |a La reforma del sector público agrícola y la descentralización (1989-1996) /  |c Luis Llambí  
773 |g número23, (1999), páginas 39-68  
999 |c 25801  |d 25801